000 00248nam a2200109Ia 4500
008 190216s9999||||xx |||||||||||||| ||und||
100 _aHagela T N
245 0 _aMonetary Economics
260 _bKonark Pub Pvt
_c1998
300 _a756p
942 _cBK
999 _c10424
_d10424